000 00641nam a2200241Ia 4500
003 OSt
005 20221007082644.0
006 a|||||r|||| 00| 0
007 ta
008 221006b |||||||| |||| 00| 0 eng d
024 _a26,280
037 _cReports / Technical Reports
040 _aFLL
_cFLL
_beng
041 _2eng
_aeng
082 _aX9w.2.N85t, M5.7-12
110 _aGovt. of India
245 0 _aCommittee on public undertakings
260 _c1985
300 _avii,100p
_ccm.
700 _aGovt. of India
942 _hX9w.2.N85t, M5.7-12
_cREP
_2CC
999 _c1167235
_d1167235